- Uscanga, Luis F.
Entrada Nombre de persona
Número de registros utilizados en: 1
001 - NÚMERO DE CONTROL
- campo de control: 1352
003 - IDENTIFICADOR DEL NÚMERO DE CONTROL
- campo de control: DO-SdUEMH
005 - FECHA Y HORA DE LA ÚLTIMA TRANSACCIÓN
- campo de control: 20251115154651.0
008 - DATOS DE LONGITUD FIJA
- campo de control de longitud fija: 251115|| az|||aabn | a|a d
040 ## - FUENTE DE LA CATALOGACIÓN
- Centro catalogador/agencia de origen: DO-SdUEMH
- Lengua de catalogación: spa
- Normas de descripción: rda
100 1# - ENCABEZAMIENTO-NOMBRE DE PERSONA
- Nombre de persona: Uscanga, Luis F.
375 ## - GÉNERO/SEXO
- Género/Sexo: Masculino
377 ## - LENGUA/LENGUAJE ASOCIADO
- Código del idioma: spa
- Término de lengua/lenguaje: Español
670 ## - FUENTE DE DATOS ENCONTRADOS
- Cita de la fuente: Campuzano : Páncreas, 2000
- Información encontrada: (Luis F. Uscanga)




